Escuelas Tratamiento fiscal, laboral y de seguridad social 2014 /

Bibliographic Details
Main Author: Přez Chavez , Jos ̌
Other Authors: Fol Olguin, Raymundo
Format: eBook
Language:Spanish
Published: Mx̌ico D.F.: Tax Editores, 2014
Subjects:
Online Access:Acceso restringido

MARC

LEADER 00000nam a22000007a 4500
005 20150129152345.0
007 cr|||| ||||
008 150129s2014 mx |||||s|||| 00||0 spa d
020 |a 978-607-440-684-9 
035 |a 12523 
040 |a vLex 
090 |c 5328  |d 5328 
100 1 |a Přez Chavez , Jos ̌ 
245 1 0 |a Escuelas  |h [Recurso electrn̤ico] :  |b Tratamiento fiscal, laboral y de seguridad social 2014 /  |c Jos ̌Přez Chavez, Raymundo Fol Olguin  
256 |a Servicio en ln̕ea 
260 |a Mx̌ico D.F.:  |b Tax Editores,  |c 2014 
300 |a 1 recurso electrn̤ico 
506 1 |a Contenido solo disponible en los productos indicados  |d vLex Global  |d vLex Global (Academic Edition, excluding Law Schools)  |d vLex Global (U.S. Academic Edition, Law Schools)  |d vLex Global (U.S. Academic Edition, excluding Law Schools)  |d vLex Global (Academic Edition, Law Schools) 
650 |a Derecho fiscal  |z Mx̌ico 
650 |a Derecho laboral  |z Espaą 
700 1 |a Fol Olguin, Raymundo 
740 0 |a vLex Libros (Servicio en ln̕ea) 
856 4 0 |u http://vlex.com/source/escuelas-tratamiento-fiscal-laboral-y-de-seguridad-social-2014-12523  |z Acceso restringido 
942 |c BOOK 
999 0 |a Taxation 
999 0 |a Labor laws and legislation